000 02190njm a2200349 a 4500
003 BLK
005 20250318134938.0
007 sd ammalaaahaa
008 221104b bu |||||s|||| 00| | bu d
028 _aВСА 1300 / 420
040 _aBLK
041 _aBUL
_cBUL
080 _aПиано. Вариации, прелюдии, фуги, увертюри, интермеци, интерлюдии
_b786.2.083.2
_x(497.2)(086.7)
_z786.2.083.2(497.2)(086.7)
100 _9387608
_aКюркчийски, Красимир Цветанов
_cизтъкнат български композитор и диригент
_d1936-2011
245 _aПриветствена увертюра
_aКонцерт за пиано и оркестър
_cКрасимир Кюркчийски ; пиано Милена Моллова ; Симфоничен оркестър на Българското радио и телевизия ; диригент Александър Владигеров.
260 _aСофия
_bБалкантон
_cб. г.
_9210374
300 _a1 грамофонна плоча
_b33 об/мин, стерео
_c30 см
380 _a7
490 _9403801
_aПанорама на българското музикално творчество
500 _aСтрана А Приветствена увертюра ; Концерт за пиано и оркестър (в памет на Панчо Владигеров) : 1. Allegro Страна Б Концерт за пиано и оркестър (в памет на Панчо Владигеров) 2. Andante ; 3. Allegro vivo
650 0 _aПиано - композиции
_9275984
653 _9198919
_aувертюри
653 _9189133
_aконцерти
700 _9384038
_aВладигеров, Александър Панчов
700 1 _998738
_aМоллова, Милена
710 _aСимфоничен оркестър на Българското радио и телевизия
_9493991
852 _aФ ІІ 3224
_bЦб
942 _cGPL
_n0
944 _cСевдалина Тодорова
_k30540
_lСевдалина Тодорова
999 _c519748
_d519748
999 _d519748
999 _d519748